000 01089nas a2200301 4500
001 BR8500120
003 BR-BrBNA
005 20231205090044.0
007 ta
008 230509b bl.|||p| |||| 00| 00por d
040 _aBR-BrBNA
_bpor
_cBiblioteca Nacional de Agricultura
041 _a(Pt)
072 _aF27; F22
100 1 _aTuratti, A.L.
100 1 _aVahl, L.C.
100 1 _aPauletto, E.A.
111 1 _a2. Reuniao da Beterraba Acucareira
_cPelotas, RS (Brazil)
_d2 Aug 1983
245 1 _aSistemas de preparo do solo para a cultura da beterraba acucareira em planossolo na regiao de Pelotas [Beta vulgaris, Rio Grande do Sul, Brasil]
246 1 _a[Soil preparation systems for sugar beet in a planosol of Pelotas [Beta vulgaris, Rio Grande do Sul, Brazil]]
650 _aBETERRABA ACUCAREIRA
650 _aCULTIVO DO SOLO
650 _aFISICA DO SOLO
650 _aPELOTAS
650 _aRIO GRANDE DO SUL
773 0 _tAgros (Brazil)
_xISSN 0365-2742
_g(1983), v. 18(1-4) p. 121-129
_wBR8500120
909 _a202311
_bLúcia
_c55
_dLúcia Elande
942 _2AGRIS
_n0
_cANA
999 _c115850
_d115850